Books on Religion: The Subtitles Quiz Stats

 Plays Quiz Updated Jun 28, 2017

Support Sporcle.
Go Orange.
Score 0/15 Timer 04:00
2 Plays Today
% Correct
Holy Bible
88%
Coming to Peace with Science
85.9%
Those Who Saw Her
85.7%
The Wisdom of the Prophet
84.8%
Anubis Speaks!
84%
The Year of Living Biblically
83.1%
Goddesses
81.3%
The Purpose Driven Life
78.6%
% Correct
The Pagan Book of Living and Dying
72%
The Little Book of Hindu Deities
70.4%
Yentl's Revenge
68.8%
The Faith Club
68.5%
Boychiks in the Hood
59.4%
Zen and the Art of Motorcycle Maintenance
46%
The Rivers of the Mandala
38.3%

You're not logged in!

Compare scores with friends on all Sporcle quizzes.
OR
Log In
Forgot?

From the Vault

Celebrity Sorting

by WalshyMusic

Some quizzes are just out of sorts.
Remove Ads.
Support Sporcle.
Get the best of Sporcle when you Go Orange. This ad-free experience offers more features, more stats, and more fun while also helping to support Sporcle. Thank you for becoming a member.

Show Comments

Extras

Top Quizzes Today


Score Distribution

Your Account Isn't Verified!

In order to create a playlist on Sporcle, you need to verify the email address you used during registration. Go to your Sporcle Settings to finish the process.

Report this User

Report this user for behavior that violates our Community Guidelines.

Details: